[Event "Saint Quentin op 1st"]
[Site "Saint Quentin"]
[Date "2019.07.12"]
[Round "9"]
[White "Pucher, Sebastien"]
[Black "Arhan, Tanguy"]
[Result "1-0"]
[WhiteElo "2346"]
[BlackElo "1815"]
[PlyCount "55"]
[EventDate "2019.07.06"]
[EventType "swiss"]
[EventRounds "9"]
[EventCountry "FRA"]
[SourceTitle "CBM 191 Extra"]
[Source "ChessBase"]
[SourceDate "2019.09.30"]
[SourceVersion "1"]
[SourceVersionDate "2019.09.30"]
[SourceQuality "1"]

1. b3 d5 2. Bb2 Bf5 3. Nf3 e6 4. g3 h6 5. Bg2 Nf6 6. 0-0 Nbd7 7. d3 Be7 8. Nbd2 0-0 9. Re1 Bh7 10. e4 c6 11. Qe2 Rc8 12. e5 Ne8 13. h4 b5 14. a3 Qb6 15. Nf1 Nc7 16. g4 c5 17. Ng3 c4 18. d4 cxb3 19. cxb3 b4 20. a4 Na8 21. Rac1 Rxc1 22. Rxc1 Qd8 23. Qa6 Qb6 24. Qe2 Qd8 25. h5 Qb8 26. Qa6 Bd8 27. Qc6 Ndb6 28. a5 1-0